Types of Mountain Dew Quiz Stats

 Plays Quiz not verified by Sporcle

Challenge
Share
Tweet
Embed
Score 0/20 Timer 10:00
0 Plays Today
Hints Answer % Correct
For you skinny peopleDiet
86.6%
You should probably get this oneOriginal
80.6%
Second original pretty muchCode Red
76.1%
OrangeLivewire
59.7%
Taco Bell Only FoolsBaja Blast
55.2%
2008 DEWmocracy winnerVoltage
48.5%
Non hypercaffeine free
47%
2010 DEWmocracywhiteout
47%
Xboxgame fuel
42.5%
2010 DEWmocracytyphoon
42.5%
Hints Answer % Correct
From back in the daythrowback
34.3%
2010 DEWmocracydistortion
31.3%
2008 DEWmocracy loserssupernova
29.1%
2008 DEWmocracy losersrevolution
22.4%
First variationRed
19.4%
Energy DrinkMDX
18.7%
World of Warcrafthorde red
18.7%
World of Warcraftalliance blue
18.7%
Rays...ultraviolet
16.4%
BlueberryClash
7.5%

You're not logged in!

Compare scores with friends on all Sporcle quizzes.
Join for Free
OR
Log In

You Might Also Like...

Show Comments

Extras

Created Apr 21, 2010ReportNominate
Tags:dew, mountains

Top Quizzes Today


Score Distribution

Your Account Isn't Verified!

In order to create a playlist on Sporcle, you need to verify the email address you used during registration. Go to your Sporcle Settings to finish the process.

Report this User

Report this user for behavior that violates our Community Guidelines.

Details: